|
|
|
|
| LEADER |
00000nab a2200000 ar4500 |
| 001 |
vtls010091548 |
| 003 |
SK-MaSNL |
| 005 |
20260304003139.0 |
| 008 |
100504c2010 xo sr|p|||||||000 b|slo |
| 015 |
|
|
|a SNBRB2010/05
|2 snkbucl
|
| 038 |
|
|
|a SNKBUCL
|
| 040 |
|
|
|a SNKBUCL
|b slo
|c SNKBUCL
|e AACR2
|
| 041 |
|
|
|a slo
|
| 044 |
|
|
|a xo
|c SK
|
| 080 |
|
|
|a 82:929:821.162.4
|2 2001
|
| 080 |
|
|
|a 929 Štefánik, Pavol
|2 2001
|
| 080 |
|
|
|a 821.162.4
|2 2001
|
| 100 |
1 |
|
|a Janík, Pavol
|4 aut
|9 305045
|
| 245 |
1 |
0 |
|a Zomrel spisovateľ pre deti a mládež Pavol Štefánik
|c Pavol Janík
|
| 300 |
|
|
|b Fotogr.
|
| 600 |
1 |
7 |
|a Štefánik, Pavol,
|d 1920-2010
|2 snkbucl
|9 13609
|
| 655 |
|
7 |
|a nekrológy
|2 snkbucl
|9 402542
|
| 773 |
0 |
|
|t Slovenské národné noviny
|g Roč. 21 (25), č. 17 (2010), s. 2
|x 0862-8823
|
| 852 |
|
|
|a SNK
|b KIS3GCP
|
| 958 |
|
|
|a BX
|
| 958 |
|
|
|a LX
|
| 999 |
|
|
|c 2545913
|d 2547843
|